000 00668nam a2200181Ia 4500
003 GCL
005 20240530105237.0
008 140319s9999 xx 000 0 ara d
040 _aGCL /
_cGCL
082 0 4 _a956.904
_bأ ل
100 1 _aجان ايف اولييه
245 1 0 _aلجنة الامم المتحدة للتوفيق بشان فلسطين 1948 - 1951 : حدود الرفض العربى /
_cجان ايف اولييه ؛ ترجمة نصير مروة
260 _a[S.N] :
_bمؤسسة الدراسات الفلسطينية ،
_c1991
300 _a193
650 0 4 _aالقضية الفلسطينية
700 0 _aنصير مروة
942 _2ddc
_cBK
999 _c54273
_d54273